Medicine for PGMEE: (Record no. 158345)
[ view plain ]
| 000 -LEADER | |
|---|---|
| fixed length control field | 00694nam a22002177a 4500 |
| 005 - DATE AND TIME OF LATEST TRANSACTION | |
| control field | 20181029124949.0 |
| 010 ## - LCCN (DPL NO) | |
| LC control number | B-710662 |
| 020 ## - INTERNATIONAL STANDARD BOOK NUMBER | |
| International Standard Book Number | 9788190640480 |
| Terms of availability | 410.00 |
| 035 ## - SYSTEM CONTROL NUMBER | |
| System control number | B-710662 |
| 037 ## - SOURCE OF ACQUISITION | |
| Source of stock number/acquisition | Pulse Publication |
| 082 ## - DEWEY DECIMAL CLASSIFICATION NUMBER | |
| Classification number | 610 |
| 100 ## - MAIN ENTRY--PERSONAL NAME | |
| Personal name | Gupta, Ashish |
| 245 ## - TITLE STATEMENT | |
| Title | Medicine for PGMEE: |
| Remainder of title | Vol. II / |
| Statement of responsibility, etc | Ashish Gupta [and] Amit Tripathi |
| 250 ## - EDITION STATEMENT | |
| Edition statement | 2nd ed. |
| 260 ## - PUBLICATION, DISTRIBUTION, ETC. (IMPRINT) | |
| Place of publication, distribution, etc | Gorakhpur |
| Name of publisher, distributor, etc | Pulse Publications |
| Date of publication, distribution, etc | 2008 |
| 270 ## - ADDRESS | |
| Address | Ayodhya Das Trade Compound, Vijay Chowk |
| City | Gorakhpur (U.P.) |
| 300 ## - PHYSICAL DESCRIPTION | |
| Extent | 592p. |
| Other physical details | ill. |
| Dimensions | 27cm(pbk) |
| 700 ## - ADDED ENTRY--PERSONAL NAME | |
| Personal name | Tripathi, Amit |
| 942 ## - ADDED ENTRY ELEMENTS (KOHA) | |
| Source of classification or shelving scheme | Dewey Decimal Classification |
| Item type | English Books |
| Classification part | 610 |
| Call number suffix | GUP |
| Withdrawn status | Lost status | Not for loan | Collection code | Home library | Current library | Date acquired | Source of acquisition | Cost, normal purchase price | Full call number | Barcode | Copy number | Cost, replacement price | Koha item type |
|---|---|---|---|---|---|---|---|---|---|---|---|---|---|
| Non-fiction | Ashok Vihar | Ashok Vihar | 25/10/2018 | Gift/16-10-2018 | 410.00 | 610 GUP | B-710662 | 1 | 410.00 | English Books |
